000 01353cam a2200217 4500
001 ##L132215
008 060118n2005 000 0 eng u
020 _a1852618124
035 _a(Sirsi) u132215
041 0 _aeng
050 0 4 _a711.309421 $2 18
110 1 _aLondon
_bGreater London Authority
_bMayor of London
_94869
245 0 0 _aReviewing the London Plan
_bstatement of intent from the Mayor
_h[electronic resource]
260 _aLondon
_bGLA
_c2005
520 _aSets out the Mayor's intentions for the first review of the "London Plan" (L125752). Provides a guide to the review process and identifies the main policy areas to be strengthened or amended in the "London Plan". Reviews data on future trends in London's economy and demography and highlights the stark challenge that climate change presents. The review will extend the plan timescale from 2016 to 2025-26. Although not a formal consultation, comments on the particular issues identified are welcomed to help inform the preparation of draft revised policies for spring 2006.
590 _aIKA170106
650 2 4 _aLONDON PLAN
690 _aENVIRONMENTAL AND LAND CONSULTANCY-PLANNING AND DEVELOPMENT-STRATEGIC PLANNING
856 4 0 _uhttps://legacy.london.gov.uk/mayor/strategies/sds/docs/review-dec05.pdf
_zView the review free of charge at legacy.london.gov.uk
942 _n0
999 _c105056
_d105056